000
00222 a2200085 4500
020
_a
9780874208689
100
_a
ADRIENNE SCHMITZ
245
_a
REAL ESTATE MARKET ANALYSIS: A CASE STUDY APPROACH
260
_b
URBAN LAND INSTITUTE
999
_c
13097
_d
13097